[Event "DEM U10/U10w 2009"]
[Site "Willingen GER"]
[Date "2009.06.01"]
[Round "3"]
[White "Schaefer, Matthes"]
[Black "Perske, Thore"]
[Result "0-1"]
[Termination "normal"]
[Board "22"]
[WhiteElo "1311"]
[BlackElo "1120"]
[PlyCount "108"]
[WhiteFideId "12946117"]
[BlackFideId "12902195"]
[EventCountry "GER"]
[EventRounds "11"]
[EventType "swiss"]
[EventDate "2009.05.30"]

1. e4 e6 2. d4 d5 3. e5 c5 4. c3 Qb6 5. Nf3 Bd7 6. Bg5 Qxb2 7. Nbd2 Qxc3 8. Be3
cxd4 9. Bxd4 Qc7 10. Rc1 Qd8 11. Be2 Nc6 12. Bc3 Bc5 13. O-O Nge7 14. Bb2 Bb6
15. Ba3 O-O 16. Nb3 Re8 17. Bd3 Ng6 18. Bb2 Rc8 19. Qe2 Nf4 20. Qd2 Nxd3 21.
Qxd3 Qe7 22. a3 Rc7 23. h3 Rec8 24. Nh2 Na5 25. Rxc7 Rxc7 26. Nxa5 Bxa5 27. Ng4
Bb6 28. Qg3 Kh8 29. Nh2 Rc2 30. Bc1 Bb5 31. Qb3 Bxf1 32. Qxc2 Bc4 33. Qa4 h6
34. Nf3 a6 35. Nd2 Bb5 36. Qb3 Qc5 37. Qd1 Qxf2+ 38. Kh1 Be3 39. Nf3 Bxc1 40.
Qxc1 Qf1+ 41. Qxf1 Bxf1 42. Kg1 Bc4 43. h4 b5 44. Nd4 a5 45. Nc6 b4 46. axb4 a4
47. Nd4 Kh7 48. h5 g6 49. g4 gxh5 50. gxh5 a3 51. Nc2 a2 52. Kf2 Kg7 53. Ke3 f6
54. Na1 fxe5 0-1

[Event "DEM U10/U10w 2009"]
[Site "Willingen GER"]
[Date "2009.06.01"]
[Round "3"]
[White "Fabiunke, Jakob"]
[Black "Schirmer, Christoph"]
[Result "1/2-1/2"]
[Termination "normal"]
[Board "23"]
[WhiteElo "1289"]
[BlackElo "1092"]
[PlyCount "81"]
[WhiteFideId "24686085"]
[EventCountry "GER"]
[EventRounds "11"]
[EventType "swiss"]
[EventDate "2009.05.30"]

1. d4 Nf6 2. Nf3 d6 3. c4 Nbd7 4. Nc3 e5 5. Bg5 Be7 6. e3 O-O 7. Bd3 c6 8. Bc2
Qc7 9. Qd3 a6 10. Bxf6 Nxf6 11. O-O b5 12. cxb5 axb5 13. a3 Ba6 14. b4 Rfd8 15.
d5 c5 16. Ne4 g6 17. Nxf6+ Bxf6 18. Qe2 e4 19. Rac1 exf3 20. Qxf3 Bg7 21. Be4
Rac8 22. Rc2 Qb7 23. Rd1 cxb4 24. axb4 Rxc2 25. Bxc2 Rc8 26. Bd3 Rc3 27. Bf1
Qc7 28. h3 Rc1 29. e4 Qc2 30. Rxc1 Qxc1 31. Qe2 Qc4 32. Qe3 Qxb4 33. Qb6 Qa4
34. Qxd6 Qa2 35. Qb8+ Bf8 36. d6 Kg7 37. d7 Be7 38. Qe8 Bg5 39. d8=Q Bxd8 40.
Qxd8 b4 41. Qb6 {Rest nicht nachvollziehbar} 1/2-1/2

[Event "DEM U10/U10w 2009"]
[Site "Willingen GER"]
[Date "2009.06.01"]
[Round "3"]
[White "Schamschurko, André"]
[Black "Walker, Julia"]
[Result "1-0"]
[Termination "normal"]
[Board "24"]
[WhiteElo "1282"]
[BlackElo "1066"]
[PlyCount "81"]
[WhiteFideId "24695670"]
[BlackFideId "1271852"]
[EventCountry "GER"]
[EventRounds "11"]
[EventType "swiss"]
[EventDate "2009.05.30"]

1. e4 e5 2. Nf3 Nc6 3. Bb5 a6 4. Ba4 Nf6 5. O-O b5 6. Bb3 Bc5 7. c3 d6 8. Bc2
Bg4 9. d3 h6 10. Nbd2 O-O 11. Re1 Nh5 12. h3 Be6 13. Nxe5 dxe5 14. Qxh5 Qf6 15.
Nf3 b4 16. Be3 Ba7 17. Ba4 Ne7 18. Nxe5 c5 19. Bd7 Rfd8 20. Bxe6 Qxe6 21. f4 f6
22. f5 Qd6 23. Qf7+ Kh7 24. Ng6 Re8 25. Nf4 Rg8 26. Nd5 Rae8 27. Bxh6 Kh8 28.
Qh5 Rgf8 29. Bf4+ Kg8 30. Bxd6 Rf7 31. Nxe7+ Rfxe7 32. Bxe7 Rxe7 33. Rac1 c4+
34. Kh1 cxd3 35. cxb4 Rf7 36. Rc8+ Rf8 37. Rec1 d2 38. Rxf8+ Kxf8 39. Rc8+ Ke7
40. Qe8+ Kd6 41. Qe6# 1-0

[Event "DEM U10/U10w 2009"]
[Site "Willingen GER"]
[Date "2009.06.01"]
[Round "3"]
[White "Stukenborg, Rudi"]
[Black "Kasel, Mario"]
[Result "1/2-1/2"]
[Termination "normal"]
[Board "25"]
[WhiteElo "1035"]
[BlackElo "1234"]
[PlyCount "153"]
[WhiteFideId "1270497"]
[BlackFideId "24660957"]
[EventCountry "GER"]
[EventRounds "11"]
[EventType "swiss"]
[EventDate "2009.05.30"]

1. e4 e5 2. Nf3 Nc6 3. Bb5 a6 4. Ba4 Nf6 5. O-O b5 6. Bb3 Bc5 7. c3 O-O 8. Re1
Bb6 9. d4 exd4 10. cxd4 h6 11. Nc3 d6 12. h3 Re8 13. Bf4 Bb7 14. d5 Ne7 15. Be3
Ng6 16. Bxb6 cxb6 17. Qd4 Nf4 18. Rad1 Ng6 19. e5 dxe5 20. Nxe5 Nxe5 21. Rxe5
Rxe5 22. Qxe5 Qe8 23. Qc7 b4 24. Na4 Qd7 25. d6 Qc6 26. Qxc6 Bxc6 27. Nxb6 Rd8
28. Nc4 Bd5 29. Nb6 Be6 30. f3 Ne8 31. Bxe6 fxe6 32. d7 Nf6 33. Kf2 Kf7 34. Ke3
Ke7 35. Rd4 Nxd7 36. Nxd7 Rxd7 37. Rxd7+ Kxd7 38. Kd3 Kc6 39. Kc4 a5 40. f4 g5
41. g3 gxf4 42. gxf4 Kd6 43. Kb5 Kd5 44. Kxa5 Ke4 45. Kxb4 Kxf4 46. a4 e5 47.
a5 e4 48. a6 e3 49. a7 e2 50. a8=Q e1=Q+ 51. Kb5 Qe2+ 52. Kc5 Qe3+ 53. Kb5 Qb3+
54. Kc5 Qc2+ 55. Kd4 Qxb2+ 56. Kc4 Qe2+ 57. Kb4 Qe7+ 58. Kb5 Qd7+ 59. Kb4 Qe7+
60. Kb5 Qe2+ 61. Kb4 Qb2+ 62. Kc4 Qe2+ 63. Kb4 Qe4+ 64. Qxe4+ Kxe4 65. Kc3 Kf3
66. Kd3 Kg3 67. Ke3 Kxh3 68. Kf3 h5 69. Kf4 h4 70. Kf3 Kh2 71. Kf2 h3 72. Kf1
Kg3 73. Kg1 Kf3 74. Kh2 Kg4 75. Kh1 Kg3 76. Kg1 h2+ 77. Kh1 1/2-1/2

[Event "DEM U10/U10w 2009"]
[Site "Willingen GER"]
[Date "2009.06.01"]
[Round "3"]
[White "Balzer, Alexander"]
[Black "Wallat, Jessica"]
[Result "1-0"]
[Termination "normal"]
[Board "26"]
[WhiteElo "1229"]
[BlackElo "1045"]
[PlyCount "125"]
[WhiteFideId "34609822"]
[BlackFideId "12909637"]
[EventCountry "GER"]
[EventRounds "11"]
[EventType "swiss"]
[EventDate "2009.05.30"]

1. d4 f5 2. c4 Nf6 3. Nc3 e6 4. Bg5 d5 5. Nf3 dxc4 6. e4 Be7 7. exf5 exf5 8.
Bxc4 h6 9. Be3 Qd6 10. O-O Be6 11. Bxe6 Qxe6 12. Nb5 Qb6 13. Qa4 O-O 14. Qc4+
Kh8 15. Nxc7 Rc8 16. Nxa8 Rxc4 17. Nxb6 axb6 18. Ne5 Rc2 19. Ng6+ Kh7 20. Nxe7
Rxb2 21. d5 Nbd7 22. Bd4 Re2 23. Bxf6 gxf6 24. Nxf5 Re5 25. Nd6 Rxd5 26. Nxb7
Ne5 27. Rad1 Rb5 28. Rd6 Kg6 29. Re1 h5 30. h3 h4 31. a4 Rb4 32. Rxe5 Kg7 33.
Re7+ Kg6 34. Ree6 Rf4 35. Rxb6 Rxa4 36. Rxf6+ Kg7 37. Rg6+ Kf7 38. Rh6 Ra8 39.
Rh7+ Kg8 40. Rd7 Rf8 41. Rd8 Rxd8 42. Nxd8 Kg7 43. g3 hxg3 44. fxg3 Kh7 45. g4
Kh8 46. g5 Kh7 47. g6+ Kh8 48. h4 Kg8 49. Rb7 Kh8 50. h5 Kg8 51. h6 Kf8 52. Rh7
Kg8 53. Nc6 Kf8 54. g7+ Kg8 55. Rh8+ Kf7 56. g8=Q+ Kf6 57. Qg7+ Kf5 58. Rf8+
Ke4 59. Qe7+ Kd3 60. Qd6+ Kc2 61. Qc5+ Kb3 62. Rb8+ Ka2 63. Qa5# 1-0

[Event "DEM U10/U10w 2009"]
[Site "Willingen GER"]
[Date "2009.06.01"]
[Round "3"]
[White "Flüchter, Gregor"]
[Black "Reimers, Kim"]
[Result "1-0"]
[Termination "normal"]
[Board "27"]
[WhiteElo "1226"]
[BlackElo "901"]
[PlyCount "163"]
[WhiteFideId "12903396"]
[BlackFideId "12930377"]
[EventCountry "GER"]
[EventRounds "11"]
[EventType "swiss"]
[EventDate "2009.05.30"]

1. e4 c6 2. d4 d5 3. exd5 cxd5 4. Nf3 Bf5 5. g3 Nc6 6. Bg2 Nf6 7. O-O e6 8. Re1
Bd6 9. Nc3 O-O 10. a3 Bc7 11. Nb5 Bb8 12. Be3 a6 13. Nc3 Bd6 14. Ne2 Ne4 15.
Nh4 Bg6 16. Nxg6 hxg6 17. Bxe4 dxe4 18. d5 Ne5 19. Kh1 Nf3 20. Rf1 e5 21. Ng1
Qf6 22. Nxf3 exf3 23. Re1 e4 24. Bd4 Be5 25. Rxe4 Bxd4 26. Qxd4 Qxd4 27. Rxd4
g5 28. h3 f5 29. Re1 Rfe8 30. Rxe8+ Rxe8 31. d6 Rd8 32. c4 b6 33. b4 Kf7 34. c5
bxc5 35. bxc5 Ke6 36. Kg1 Kd7 37. Kf1 Kc6 38. Rc4 Kd5 39. Rc2 Kc6 40. Ke1 Re8+
41. Kd2 Re4 42. Kd3 a5 43. Kd2 a4 44. Kd3 g6 45. g4 Rf4 46. Ke3 fxg4 47. hxg4
Rxg4 48. Kxf3 Rf4+ 49. Kg3 Rh4 50. Re2 Rc4 51. Rd2 Kd7 52. Rd5 g4 53. Rg5 Rc3+
54. Kxg4 Rxa3 55. Rxg6 Rd3 56. Rg7+ Kc6 57. Rc7+ Kb5 58. d7 a3 59. Ra7 Kxc5 60.
Rxa3 Rxd7 61. Re3 Rf7 62. f4 Kd5 63. Kg5 Kd6 64. f5 Kd5 65. Kg6 Rxf5 66. Kxf5
Kd4 67. Re8 Kd5 68. Rd8+ Kc5 69. Ke6 Kc4 70. Ke5 Kc3 71. Ke4 Kc2 72. Ke3 Kc3
73. Rc8+ Kb4 74. Kd4 Kb5 75. Kd5 Kb4 76. Rc7 Kb3 77. Kd4 Kb2 78. Kd3 Kb1 79.
Kd2 Kb2 80. Rc3 Ka2 81. Kc2 Ka1 82. Ra3# 1-0

[Event "DEM U10/U10w 2009"]
[Site "Willingen GER"]
[Date "2009.06.01"]
[Round "3"]
[White "Weis, Olga"]
[Black "Rost, Henning"]
[Result "1-0"]
[Termination "normal"]
[Board "28"]
[WhiteElo "1222"]
[BlackElo "880"]
[PlyCount "41"]
[WhiteFideId "1270234"]
[EventCountry "GER"]
[EventRounds "11"]
[EventType "swiss"]
[EventDate "2009.05.30"]

1. e4 d5 2. exd5 Qxd5 3. Nc3 Qa5 4. Nf3 Nf6 5. Bc4 h6 6. O-O c6 7. d4 Bf5 8.
Be3 e6 9. Bd2 Qc7 10. Re1 Bd6 11. Ne5 Nbd7 12. Nxd7 Qxd7 13. d5 O-O 14. dxe6
fxe6 15. Qf3 Bg4 16. Qd3 Rae8 17. Bf4 Bf5 18. Qxd6 Qxd6 19. Bxd6 Rf7 20. a4
Bxc2 21. Bxe6 1-0

[Event "DEM U10/U10w 2009"]
[Site "Willingen GER"]
[Date "2009.06.01"]
[Round "3"]
[White "Schmidt, Tobias"]
[Black "Riewe, Jana"]
[Result "1-0"]
[Termination "normal"]
[Board "29"]
[WhiteElo "1205"]
[BlackElo "779"]
[PlyCount "125"]
[WhiteFideId "1271683"]
[EventCountry "GER"]
[EventRounds "11"]
[EventType "swiss"]
[EventDate "2009.05.30"]

1. e4 e5 2. Nf3 Nc6 3. Bc4 Bc5 4. b4 Bxb4 5. c3 Bc5 6. d4 Bb6 7. O-O Nf6 8.
dxe5 Nxe4 9. Qd5 O-O 10. Qxe4 d6 11. Ng5 g6 12. Qh4 h5 13. exd6 cxd6 14. Nf3
Qxh4 15. Nxh4 Bg4 16. Nxg6 Rfe8 17. Nh4 Re7 18. Bd2 Rae8 19. Na3 Kh8 20. Rfe1
Ne5 21. Bb5 Rg8 22. Kh1 Bxf2 23. g3 Bh3 24. Re2 Bb6 25. Bf4 f6 26. Nc4 Bc5 27.
Nxe5 fxe5 28. Be3 Ba3 29. Bxa7 Rf7 30. Bc4 Rf1+ 31. Rxf1 Bxf1 32. Bxg8 Bxe2 33.
Bd5 Bb2 34. Bxb7 Bxc3 35. Nf5 Bb4 36. Bb8 Bc3 37. Bxd6 Bd3 38. Ne3 e4 39. Kg2
Bd4 40. Bf4 Kg7 41. Nf5+ Kf6 42. Nxd4 Ke7 43. Kf2 Kd7 44. Ke3 Bb1 45. a3 Bd3
46. Bxe4 Bc4 47. Bg6 Bd5 48. Bxh5 Bb7 49. Bf3 Bc8 50. Bg4+ Kd8 51. Bxc8 Kxc8
52. h4 Kd8 53. h5 Ke8 54. h6 Kf8 55. g4 Kg8 56. g5 Kh8 57. g6 Kg8 58. h7+ Kf8
59. h8=Q+ Ke7 60. Qe5+ Kd7 61. Qd6+ Ke8 62. Qc7 Kf8 63. Qf7# 1-0

[Event "DEM U10/U10w 2009"]
[Site "Willingen GER"]
[Date "2009.06.01"]
[Round "3"]
[White "Rogozenco, Teodora Nana"]
[Black "Schulte, Felix"]
[Result "0-1"]
[Termination "normal"]
[Board "32"]
[WhiteElo "798"]
[BlackElo "1179"]
[PlyCount "78"]
[WhiteFideId "12938084"]
[BlackFideId "12914800"]
[EventCountry "GER"]
[EventRounds "11"]
[EventType "swiss"]
[EventDate "2009.05.30"]

1. d4 f5 2. c4 Nf6 3. Nc3 g6 4. g3 Bg7 5. Bg2 O-O 6. Nf3 d6 7. Be3 Qe8 8. Qd2
Ng4 9. h3 Nxe3 10. Qxe3 e5 11. dxe5 dxe5 12. O-O-O c6 13. Nd2 Be6 14. Kb1 Nd7
15. f3 Nb6 16. c5 Nd5 17. Nxd5 cxd5 18. Rc1 Qb5 19. Qd3 Qxd3+ 20. exd3 Bh6 21.
Rc2 Rac8 22. Nb3 d4 23. Re1 Be3 24. Rf1 Bd5 25. Rh1 g5 26. h4 g4 27. Rf1 h5 28.
f4 e4 29. Bh1 Kg7 30. Rh2 Bc6 31. Kc2 Rfe8 32. Rd1 exd3+ 33. Rxd3 Be4 34. Bxe4
fxe4 35. Rd1 b6 36. Nxd4 Rxc5+ 37. Kb3 Kf6 38. Nc2 Rb5+ 39. Nb4 a5 0-1

[Event "DEM U10/U10w 2009"]
[Site "Willingen GER"]
[Date "2009.06.01"]
[Round "3"]
[White "Pohl, Jannik"]
[Black "Kempe, Anne"]
[Result "1/2-1/2"]
[Termination "normal"]
[Board "33"]
[WhiteElo "883"]
[BlackElo "1168"]
[PlyCount "59"]
[BlackFideId "12918083"]
[EventCountry "GER"]
[EventRounds "11"]
[EventType "swiss"]
[EventDate "2009.05.30"]

1. d4 d5 2. Nc3 c5 3. e3 Nf6 4. Nf3 Bf5 5. Bd3 Bxd3 6. cxd3 e6 7. e4 cxd4 8.
Nxd4 e5 9. Nf3 dxe4 10. dxe4 Qxd1+ 11. Kxd1 Nc6 12. Ke2 a6 13. Bg5 Be7 14. Rhd1
O-O 15. Kf1 h6 16. Bxf6 Bxf6 17. Rac1 Rac8 18. Nd5 Bd8 19. Kg1 Re8 20. Nd2 Bg5
21. Rc3 Bxd2 22. Rxd2 Kf8 23. Kf1 Nd4 24. g3 Rxc3 25. Nxc3 Rc8 26. f4 f6 27.
fxe5 fxe5 28. h4 Rc7 29. Kg2 Rf7 30. Rf2 1/2-1/2

[Event "DEM U10/U10w 2009"]
[Site "Willingen GER"]
[Date "2009.06.01"]
[Round "3"]
[White "Hutton, Jim"]
[Black "Hümmecke, Sarah"]
[Result "1-0"]
[Termination "normal"]
[Board "34"]
[WhiteElo "1167"]
[BlackElo "979"]
[PlyCount "89"]
[EventCountry "GER"]
[EventRounds "11"]
[EventType "swiss"]
[EventDate "2009.05.30"]

1. e4 e5 2. Nf3 Nc6 3. Bb5 a6 4. Ba4 d6 5. O-O Bg4 6. h3 h5 7. c3 Bd7 8. d4 b5
9. Bb3 Nf6 10. Re1 a5 11. d5 Na7 12. Be3 c6 13. Bg5 c5 14. a4 c4 15. Bc2 Rb8
16. axb5 Rxb5 17. Ba4 Rb7 18. Bxd7+ Rxd7 19. Qa4 Qc7 20. Qxa5 Qxa5 21. Rxa5 Rb7
22. Nbd2 Rc7 23. Rea1 Nc8 24. Bxf6 gxf6 25. R1a4 Nb6 26. Rb4 Nc8 27. Nxc4 Rg8
28. Nb6 Na7 29. Rba4 Nc8 30. Nxc8 Rxc8 31. c4 Kd8 32. Nd2 Kc7 33. Ra7+ Kd8 34.
b4 Ke8 35. b5 Be7 36. Rb4 Bd8 37. b6 Rb8 38. b7 Kd7 39. Ra8 Rxb7 40. Rxb7+ Ke8
41. Nb3 h4 42. Na5 Kf8 43. Rxd8+ Kg7 44. Rxg8+ Kxg8 45. Rd7 1-0

[Event "DEM U10/U10w 2009"]
[Site "Willingen GER"]
[Date "2009.06.01"]
[Round "3"]
[White "Fieberg, Samuel"]
[Black "Wächter, Nathalie"]
[Result "1/2-1/2"]
[Termination "normal"]
[Board "35"]
[WhiteElo "1125"]
[BlackElo "804"]
[PlyCount "118"]
[WhiteFideId "12901717"]
[BlackFideId "12921033"]
[EventCountry "GER"]
[EventRounds "11"]
[EventType "swiss"]
[EventDate "2009.05.30"]

1. e4 e5 2. Nf3 Nc6 3. Bc4 Nf6 4. Ng5 d5 5. exd5 Na5 6. Bb5+ Bd7 7. Bxd7+ Qxd7
8. O-O Be7 9. Nc3 Nxd5 10. Nge4 O-O 11. d3 f5 12. Nxd5 Qxd5 13. Nc3 Qc5 14. Be3
Qb4 15. Nd5 Qd6 16. Nxe7+ Qxe7 17. Bd2 Nc6 18. Bc3 Rad8 19. Qe2 e4 20. d4 Nxd4
21. Qc4+ Qf7 22. Qxf7+ Rxf7 23. Rad1 Rfd7 24. Rd2 f4 25. Rdd1 c5 26. b4 b6 27.
Bb2 f3 28. Bxd4 cxd4 29. gxf3 exf3 30. h3 Rd6 31. Kh2 Rg6 32. Kh1 Rg2 33. Rg1
Rxg1+ 34. Kxg1 Kf7 35. Kh2 h5 36. h4 Ke6 37. Kg3 Rf8 38. Rxd4 Ke5 39. Rd7 g5
40. Rxa7 gxh4+ 41. Kxh4 Kf5 42. Rb7 Rg8 43. Rxb6 Rg2 44. Rb8 Rxf2 45. Kg3 Rf1
46. Rf8+ Ke4 47. b5 h4+ 48. Kh2 Ke3 49. b6 f2 50. b7 Rb1 51. a4 f1=Q 52. Rxf1
Rxb7 53. Re1+ Kf2 54. Re4 Rb2 55. Rxh4 Rxc2 56. Rg4 Kf3+ 57. Kh3 Rc1 58. Kh4
Rh1+ 59. Kg5 Rc1 1/2-1/2

[Event "DEM U10/U10w 2009"]
[Site "Willingen GER"]
[Date "2009.06.01"]
[Round "3"]
[White "Truong, Van Trang"]
[Black "Sieber, Fiona"]
[Result "0-1"]
[Termination "normal"]
[Board "36"]
[WhiteElo "1059"]
[BlackElo "1082"]
[PlyCount "72"]
[BlackFideId "12902373"]
[EventCountry "GER"]
[EventRounds "11"]
[EventType "swiss"]
[EventDate "2009.05.30"]

1. e4 e5 2. Nf3 Nc6 3. Bc4 Bc5 4. c3 Nf6 5. d3 d6 6. h3 a6 7. Nbd2 O-O 8. O-O
Ba7 9. Re1 Na5 10. Bb3 Nxb3 11. Qxb3 Rb8 12. Nf1 Be6 13. Qc2 Re8 14. Bg5 h6 15.
Bh4 d5 16. Nxe5 Bxh3 17. gxh3 Rxe5 18. d4 Rh5 19. Bg3 Rxh3 20. Kg2 Rh5 21. e5
Ne4 22. Bh2 Qg5+ 23. Ng3 Nxg3 24. Bxg3 c5 25. Kf1 cxd4 26. e6 fxe6 27. Bxb8
Rh1+ 28. Ke2 Qg4+ 29. Kd2 Qg5+ 30. f4 dxc3+ 31. Kxc3 d4+ 32. Kb4 Qb5+ 33. Ka3
Bc5+ 34. Qxc5 Qxc5+ 35. Kb3 Rh3+ 36. Ka4 Qb5# 0-1

[Event "DEM U10/U10w 2009"]
[Site "Willingen GER"]
[Date "2009.06.01"]
[Round "3"]
[White "Michalowski, Sophia"]
[Black "Nguyen, Anh Van"]
[Result "0-1"]
[Termination "normal"]
[Board "37"]
[WhiteElo "951"]
[BlackElo "1095"]
[PlyCount "84"]
[WhiteFideId "12902454"]
[BlackFideId "12908223"]
[EventCountry "GER"]
[EventRounds "11"]
[EventType "swiss"]
[EventDate "2009.05.30"]

1. d4 Nf6 2. c4 e6 3. Nc3 d5 4. Bg5 Be7 5. Nf3 Nc6 6. e3 O-O 7. Bd3 Re8 8. Bc2
dxc4 9. Qe2 Nd5 10. Ne4 f5 11. Bxe7 Qxe7 12. Neg5 e5 13. O-O e4 14. Qxc4 exf3
15. Nxf3 Be6 16. g3 Nxe3 17. Qd3 Nxf1 18. Kxf1 Qf7 19. b3 Nb4 20. Ng5 Nxd3 21.
Nxf7 Kxf7 22. Bxd3 Rad8 23. Bb5 c6 24. Be2 Rxd4 25. Bh5+ g6 26. Be2 f4 27. gxf4
Bh3+ 28. Kg1 Rxe2 29. a4 Rxf4 30. Rd1 Rg4+ 31. Kh1 Bg2+ 32. Kg1 Bf3+ 33. Kf1
Rxf2+ 34. Kxf2 Bxd1 35. Ke1 Bxb3 36. a5 Rg2 37. Kf1 Ra2 38. h3 Kf6 39. Kg1 Kf5
40. h4 Kg4 41. Kh1 Kg3 42. h5 Ra1# 0-1

[Event "DEM U10/U10w 2009"]
[Site "Willingen GER"]
[Date "2009.06.01"]
[Round "3"]
[White "Moses, Selina"]
[Black "Lederer, Leia"]
[Result "1-0"]
[Termination "normal"]
[Board "38"]
[WhiteElo "1044"]
[BlackElo "944"]
[PlyCount "81"]
[WhiteFideId "12908070"]
[BlackFideId "12926353"]
[EventCountry "GER"]
[EventRounds "11"]
[EventType "swiss"]
[EventDate "2009.05.30"]

1. e4 e5 2. Nf3 Nc6 3. Bc4 Bc5 4. c3 d6 5. d3 Be6 6. Bb3 Nf6 7. Nbd2 Qd7 8. O-O
O-O-O 9. Ba4 Bg4 10. b4 Bb6 11. Re1 Ne7 12. Bxd7+ Nxd7 13. a4 a6 14. h3 h5 15.
Qb3 Rh7 16. Qxf7 Nc6 17. Qb3 Rf8 18. a5 Ba7 19. b5 Nc5 20. Qb1 Nxd3 21. Qxd3
Ne7 22. bxa6 Ng6 23. axb7+ Kxb7 24. Rb1+ Kc8 25. Qa6+ Kd7 26. Qxa7 Nf4 27. Qa6
Rf6 28. Qb5+ Ke7 29. Ng5 Rhh6 30. Qc6 Bd7 31. Qxc7 Rfg6 32. h4 Rh8 33. Rb7 Rd8
34. a6 Rf6 35. a7 Rff8 36. a8=Q Kf6 37. Qaxd8+ Rxd8 38. Qxd8+ Kg6 39. Qxd7 Ne2+
40. Rxe2 d5 41. Qxg7# 1-0

[Event "DEM U10/U10w 2009"]
[Site "Willingen GER"]
[Date "2009.06.01"]
[Round "3"]
[White "Lehmann, Erik"]
[Black "Dopmann, Sina"]
[Result "1-0"]
[Termination "normal"]
[Board "39"]
[WhiteElo "943"]
[BlackElo "1035"]
[PlyCount "121"]
[EventCountry "GER"]
[EventRounds "11"]
[EventType "swiss"]
[EventDate "2009.05.30"]

1. c4 e5 2. Nc3 d6 3. g3 Be7 4. Bg2 Nf6 5. d3 O-O 6. Bg5 Nbd7 7. e3 c6 8. Nge2
Qc7 9. Qc2 b6 10. O-O-O Bb7 11. d4 Rab8 12. h4 h6 13. Bxf6 Nxf6 14. Ne4 a5 15.
Nxf6+ Bxf6 16. g4 g6 17. h5 g5 18. Qf5 Qc8 19. Qxf6 Qd8 20. Qxh6 c5 21. d5 Qe7
22. Be4 f6 23. Qg6+ Kh8 24. Ng3 Qf7 25. Rh2 Bc8 26. Qxf7 Rxf7 27. Nf5 Bxf5 28.
Bxf5 Rbb7 29. Rd3 Ra7 30. Kc2 a4 31. Ra3 Rfb7 32. Kc3 b5 33. cxb5 Rxb5 34. b3
Rba5 35. Bc2 Kg7 36. Rxa4 Rxa4 37. bxa4 Rb7 38. Rh1 Rb4 39. f3 Rb8 40. Rb1 Rc8
41. Rb7+ Kf8 42. Rd7 Rb8 43. Rxd6 Ke7 44. Rc6 Ra8 45. d6+ Kd7 46. Be4 Rxa4 47.
Kb3 Rb4+ 48. Kc3 Ra4 49. Bd5 Ra3+ 50. Kd2 Ra5 51. Rb6 Ra3 52. h6 Ra7 53. Rb7+
Rxb7 54. Bxb7 Kxd6 55. h7 c4 56. h8=Q Kc5 57. Kc3 Kb6 58. Qc8 Kb5 59. Qc6+ Ka5
60. Kxc4 e4 61. Qb5# 1-0

[Event "DEM U10/U10w 2009"]
[Site "Willingen GER"]
[Date "2009.06.01"]
[Round "3"]
[White "Döpper, Anna Berenice"]
[Black "Simon, Tessa"]
[Result "0-1"]
[Termination "normal"]
[Board "40"]
[WhiteElo "919"]
[BlackElo "1032"]
[PlyCount "60"]
[WhiteFideId "1271853"]
[BlackFideId "12929395"]
[EventCountry "GER"]
[EventRounds "11"]
[EventType "swiss"]
[EventDate "2009.05.30"]

1. e4 e5 2. d4 exd4 3. Nf3 Nc6 4. Bc4 Nf6 5. e5 d5 6. exf6 dxc4 7. fxg7 Bxg7 8.
O-O Be6 9. Bf4 Qd7 10. Nbd2 O-O-O 11. Ng5 Bd5 12. Ndf3 h5 13. Re1 Rde8 14. Rb1
Rxe1+ 15. Qxe1 Re8 16. Qd1 Bh6 17. Bg3 f6 18. Nh3 Be4 19. a3 d3 20. cxd3 Bxd3
21. Ra1 Qf5 22. Nh4 Qe4 23. f3 Be3+ 24. Nf2 Qd4 25. Nf5 Bxf2+ 26. Bxf2 Qxb2 27.
Ng7 Re2 28. Bg3 Rxg2+ 29. Kh1 Rd2 30. Qg1 Be2 0-1

[Event "DEM U10/U10w 2009"]
[Site "Willingen GER"]
[Date "2009.06.01"]
[Round "3"]
[White "Schneider, Jana"]
[Black "Lohmüller, Gedeon"]
[Result "1-0"]
[Termination "normal"]
[Board "41"]
[WhiteElo "886"]
[BlackElo "1015"]
[PlyCount "109"]
[WhiteFideId "12924997"]
[EventCountry "GER"]
[EventRounds "11"]
[EventType "swiss"]
[EventDate "2009.05.30"]

1. e4 e5 2. Nf3 Nc6 3. Nc3 Nf6 4. Bb5 Bb4 5. Bxc6 dxc6 6. O-O Bg4 7. h3 Bh5 8.
d3 Bxc3 9. bxc3 h6 10. Ba3 Qd7 11. Nxe5 Bxd1 12. Nxd7 Nxd7 13. Raxd1 O-O-O 14.
Rfe1 Rhe8 15. d4 Nf6 16. e5 Nd5 17. Bb4 Nxb4 18. cxb4 b6 19. c4 Kb7 20. d5 cxd5
21. Rxd5 Rxd5 22. cxd5 f6 23. f4 fxe5 24. Rxe5 Rxe5 25. fxe5 Kc8 26. Kf2 Kd7
27. Kf3 c6 28. d6 Ke6 29. Kf4 g6 30. Ke4 a6 31. Kd4 g5 32. Ke3 h5 33. g4 h4 34.
Kd3 Kd7 35. Ke4 Ke6 36. a3 a5 37. Kd4 Kd7 38. Kc4 Ke6 39. Kb3 Kd7 40. bxa5 bxa5
41. Ka4 c5 42. Kxa5 c4 43. Kb4 c3 44. Kxc3 Ke6 45. a4 Kd7 46. a5 Ke6 47. a6
Kxe5 48. d7 Kd6 49. d8=Q+ Kc6 50. a7 Kb5 51. a8=Q Kc5 52. Qac8+ Kb5 53. Qdd7+
Ka5 54. Qdb7 Ka4 55. Qca8# 1-0

[Event "DEM U10/U10w 2009"]
[Site "Willingen GER"]
[Date "2009.06.01"]
[Round "3"]
[White "Müller, Sophie"]
[Black "Kast, Larissa"]
[Result "0-1"]
[Termination "normal"]
[Board "42"]
[WhiteElo "842"]
[BlackElo "1011"]
[PlyCount "114"]
[WhiteFideId "12926698"]
[BlackFideId "24699055"]
[EventCountry "GER"]
[EventRounds "11"]
[EventType "swiss"]
[EventDate "2009.05.30"]

1. e4 e5 2. Nf3 Nc6 3. Bc4 Be7 4. c3 d6 5. d4 Bf6 6. Qa4 Bd7 7. d5 Nd4 8. Qd1
Nxf3+ 9. Qxf3 Bg5 10. Bxg5 Qxg5 11. O-O Bg4 12. Qg3 h6 13. Bb5+ Bd7 14. Qxg5
hxg5 15. Bxd7+ Kxd7 16. Nd2 Nf6 17. Nf3 Nxe4 18. Rfe1 Nf6 19. Nxg5 Nxd5 20.
Nxf7 Rh5 21. c4 Nf6 22. h3 Rf5 23. g4 Nxg4 24. hxg4 Rxf7 25. Rad1 Rh8 26. Rxe5
Re7 27. Rxe7+ Kxe7 28. f4 Rh4 29. Re1+ Kd7 30. g5 Rxf4 31. b3 Rg4+ 32. Kf2 Rxg5
33. Rd1 Rf5+ 34. Kg2 b6 35. b4 Re5 36. b5 Re2+ 37. Kf3 Rxa2 38. Kf4 Rf2+ 39.
Kg5 Rg2+ 40. Kf5 Ke7 41. Re1+ Kf7 42. Rf1 Rg6 43. c5 Rf6+ 44. Ke4 Rxf1 45. cxd6
cxd6 46. Kd5 Rd1+ 47. Kc6 g5 48. Kc7 g4 49. Kb7 g3 50. Kxa7 g2 51. Kxb6 g1=Q+
52. Kc6 Qc5+ 53. Kb7 Ra1 54. Kb8 Qb6+ 55. Kc8 Rc1+ 56. Kd7 Rc7+ 57. Kd8 Qb8#
0-1

[Event "DEM U10/U10w 2009"]
[Site "Willingen GER"]
[Date "2009.06.01"]
[Round "3"]
[White "Kim, Yu-Mi"]
[Black "Reyher, Susan"]
[Result "1-0"]
[Termination "normal"]
[Board "43"]
[WhiteElo "824"]
[BlackElo "1004"]
[PlyCount "163"]
[WhiteFideId "12955361"]
[BlackFideId "24686107"]
[EventCountry "GER"]
[EventRounds "11"]
[EventType "swiss"]
[EventDate "2009.05.30"]

1. e4 e5 2. Nf3 Nc6 3. d4 d6 4. dxe5 dxe5 5. Qxd8+ Nxd8 6. Nxe5 Bd6 7. Nf3 Nf6
8. e5 Ne4 9. exd6 cxd6 10. Nbd2 Nf6 11. Bc4 Bd7 12. O-O O-O 13. Re1 d5 14. Bd3
Rc8 15. b3 Nc6 16. Bb2 Nb4 17. Rac1 Nxa2 18. Rb1 Nb4 19. Rbc1 a5 20. Ba3 Rfd8
21. Bxb4 axb4 22. Nd4 Ra8 23. c3 Ra2 24. N2f3 Ng4 25. Ne2 Rc8 26. c4 d4 27.
Nfxd4 Rd2 28. Be4 Re8 29. Bxb7 Nf6 30. c5 Bg4 31. f3 Bf5 32. c6 Bc8 33. Bxc8
Rxc8 34. c7 Ne8 35. Nb5 Rd7 36. Nf4 h6 37. Re4 Nxc7 38. Nxc7 Rdxc7 39. Rxc7
Rxc7 40. Rxb4 Rc1+ 41. Kf2 Kf8 42. Nd5 Rc8 43. Re4 Kg8 44. Re1 Kh7 45. Rb1 Rc5
46. Ne7 Rb5 47. b4 Rb7 48. Nd5 Kg6 49. b5 Kf5 50. Ke3 Ke6 51. Kd4 Rd7 52. b6
Rxd5+ 53. Kc4 Rd8 54. Kc5 Rc8+ 55. Kb5 Kd6 56. Ka6 Kc6 57. Ka7 Kd7 58. b7 Rc7
59. Ka8 Rc6 60. b8=Q Ra6+ 61. Qa7+ Rxa7+ 62. Kxa7 Ke6 63. Rb5 Kf6 64. Kb7 Kg6
65. g4 Kh7 66. Rb6 f6 67. h4 f5 68. gxf5 Kh8 69. f6 gxf6 70. Rxf6 Kg7 71. Rd6
h5 72. Kc6 Kf7 73. Kd5 Ke7 74. Ke5 Kf7 75. Re6 Kg7 76. Rf6 Kh7 77. Kf5 Kg7 78.
Kg5 Kh7 79. Rg6 Kh8 80. Kf6 Kh7 81. Kf7 Kh8 82. Rh6# 1-0